00329njm a2200121 a 4500040000800000082002600008100002000034245002200054260004500076300005000121500001800171650001800189 cDLC a780 EPI 1984 A087 Or.1 aFogelberg, Dan.10aWindows and walls aLos Angeles, CA :bEpic Records,cp1984. a1 sound disc :bdigital, stereo. ;c4 3/4 in. aCompact disc. 0aPopular music